Encyclopedia Brown (Record no. 261615)
[ view plain ]
| 000 -LEADER | |
|---|---|
| fixed length control field | 00218nam a22000977a 4500 |
| 100 ## - MAIN ENTRY--AUTHOR NAME | |
| Personal name | Donald J. Sobol |
| 245 ## - TITLE STATEMENT | |
| Title | Encyclopedia Brown |
| 260 ## - PUBLICATION, DISTRIBUTION, ETC. (IMPRINT) | |
| Place of publication | Camdem |
| Name of publisher | Thomas Nelson & Sons |
| Year of publication | 1966 |
| 300 ## - PHYSICAL DESCRIPTION | |
| Number of Pages | 96 pgs |
| 942 ## - ADDED ENTRY ELEMENTS (KOHA) | |
| Koha item type | Long Loan Books |
| Withdrawn status | Lost status | Collection code | Home library | Current library | Shelving location | Date acquired | Accession Number | Koha item type |
|---|---|---|---|---|---|---|---|---|
| Fiction | Rongo University Library | Rongo University Library | Children's Area | 17/11/2023 | CL20211775 | Long Loan Books |
